000 00273nam a2200097Ia 4500
001 643398
005 20250826153545.0
008 250824s9999 xx 000 0 und d
245 0 _aKAYIP HARİTANIN PEŞİNDE İSTANBUL DEDEKTİFLERİ
_cMUSTAFA ORAKÇI
260 _bGENÇ TİMAŞ
999 _c643398
_d643398